[Event "BL2-Ost 2324 (Women)"]
[Site "Germany"]
[Date "2022.11.12"]
[Round "3.4"]
[White "Petersen, Sophie"]
[Black "Jacke, Corinna"]
[Result "1/2-1/2"]
[WhiteElo "1695"]
[BlackElo "1931"]
[PlyCount "68"]
[EventDate "2022.10.15"]
[EventType "team-tourn"]
[EventRounds "7"]
[EventCountry "GER"]
[SourceTitle "EXT 2025"]
[Source "ChessBase"]
[SourceDate "2024.10.14"]
[SourceVersion "1"]
[SourceVersionDate "2024.10.14"]
[SourceQuality "1"]
[WhiteTeam "Halle USV (W)"]
[BlackTeam "Zeulenroda Rochade (W)"]
[WhiteTeamCountry "GER"]
[BlackTeamCountry "GER"]

1. e4 e6 2. Nf3 d5 3. e5 c5 4. b4 cxb4 5. a3 Qc7 6. axb4 Nc6 7. Bb2 Bxb4 8. c3 Be7 9. d4 Bd7 10. Bd3 Na5 11. Nbd2 b5 12. 0-0 Nh6 13. Qe2 Rb8 14. Ba3 Bxa3 15. Rxa3 Nc4 16. Bxc4 bxc4 17. Rfa1 Rb7 18. Nf1 0-0 19. Ne3 Ra8 20. Qa2 Qb8 21. Nd1 Nf5 22. g4 Ne7 23. Qc2 Nc6 24. Ng5 g6 25. Qd2 h6 26. Nf3 Kg7 27. h4 Qd8 28. Kh2 Rab8 29. Qc2 Rb3 30. Kg2 a5 31. R3a2 Ra8 32. g5 h5 33. Nd2 Rbb8 34. Nb2 Ne7 1/2-1/2

[Event "BL2 Ost 2122 (Women)"]
[Site "Germany"]
[Date "2022.03.19"]
[Round "4.4"]
[White "Jacke, Corinna"]
[Black "Wolf, Sylvia"]
[Result "1/2-1/2"]
[WhiteElo "1945"]
[BlackElo "2036"]
[PlyCount "64"]
[EventDate "2021.11.27"]
[EventType "team-tourn"]
[EventRounds "7"]
[EventCountry "GER"]
[SourceTitle "EXT 2023"]
[Source "ChessBase"]
[SourceDate "2022.10.05"]
[SourceVersion "1"]
[SourceVersionDate "2022.10.05"]
[SourceQuality "1"]
[WhiteTeam "Zeulenroda Rochade (W)"]
[BlackTeam "Rotation Pankow (W)"]
[WhiteTeamCountry "GER"]
[BlackTeamCountry "GER"]

1. e4 c5 2. Nf3 d6 3. d4 cxd4 4. Nxd4 Nf6 5. Nc3 a6 6. a4 e6 7. Be2 Qc7 8. Nb3 Nbd7 9. Be3 b6 10. f4 Bb7 11. Bf3 Rc8 12. 0-0 Be7 13. Qd2 0-0 14. Rad1 Rfd8 15. Qf2 Nc5 16. Nxc5 dxc5 17. g4 Rxd1 18. Rxd1 Rd8 19. Rxd8+ Qxd8 20. g5 Nd7 21. e5 Qc7 22. Bxb7 Qxb7 23. Qg2 Qxg2+ 24. Kxg2 Kf8 25. Kf3 Nb8 26. Ne4 Nc6 27. c3 Ke8 28. Ke2 Kd7 29. Kd3 Kc7 30. Nd2 b5 31. axb5 axb5 32. b3 Na5 1/2-1/2

[Event "BL2 Ost 2122 (Women)"]
[Site "Germany"]
[Date "2022.02.20"]
[Round "3.4"]
[White "Jacke, Corinna"]
[Black "Oberhofer, Marie"]
[Result "1-0"]
[WhiteElo "1940"]
[BlackElo "1734"]
[PlyCount "65"]
[EventDate "2021.11.27"]
[EventType "team-tourn"]
[EventRounds "7"]
[EventCountry "GER"]
[SourceTitle "EXT 2023"]
[Source "ChessBase"]
[SourceDate "2022.10.05"]
[SourceVersion "1"]
[SourceVersionDate "2022.10.05"]
[SourceQuality "1"]
[WhiteTeam "Zeulenroda Rochade (W)"]
[BlackTeam "Bavaria Regensburg (W)"]
[WhiteTeamCountry "GER"]
[BlackTeamCountry "GER"]

1. e4 c5 2. Nf3 d6 3. d4 cxd4 4. Nxd4 Nf6 5. Nc3 g6 6. f3 Bg7 7. Be3 0-0 8. Qd2 Nc6 9. 0-0-0 d5 10. exd5 Nxd5 11. Nxc6 bxc6 12. Nxd5 cxd5 13. h4 Qc7 14. g4 Rb8 15. Bd4 e5 16. Qh2 Be6 17. Bd3 Qa5 18. Bxe5 Bxe5 19. Qxe5 Qxa2 20. b3 Rfc8 21. h5 Rxb3 22. hxg6 Rb1+ 23. Kd2 Rxd1+ 24. Rxd1 Qa5+ 25. Ke2 hxg6 26. Rh1 Rxc2+ 27. Bxc2 Qa6+ 28. Kd1 Kf8 29. Qf6 Ke8 30. Rh8+ Kd7 31. Rd8+ Kc6 32. Qc3+ Kb7 33. Qb4+ 1-0

[Event "BL2 Ost 1718 (Women)"]
[Site "Germany"]
[Date "2018.02.17"]
[Round "6.3"]
[White "Beltz, Martina"]
[Black "Jacke, Corinna"]
[Result "0-1"]
[WhiteElo "1966"]
[BlackElo "1981"]
[PlyCount "88"]
[EventDate "2017.10.14"]
[EventType "team-tourn"]
[EventRounds "7"]
[EventCountry "GER"]
[SourceTitle "EXT 2019"]
[Source "ChessBase"]
[SourceDate "2018.10.10"]
[SourceVersion "1"]
[SourceVersionDate "2018.10.10"]
[SourceQuality "1"]
[WhiteTeam "Leipzig SG (W)"]
[BlackTeam "Zeulenroda (W)"]
[WhiteTeamCountry "GER"]
[BlackTeamCountry "GER"]

1. d4 e6 2. Nf3 f5 3. g3 b6 4. Bg2 Bb7 5. 0-0 Nf6 6. c4 Be7 7. Nc3 d6 8. Qc2 Qc8 9. Rd1 0-0 10. d5 c6 11. dxe6 Qxe6 12. Nd4 Qxc4 13. Nxf5 Qf7 14. e4 Rd8 15. Bf4 Ne8 16. Rd2 Na6 17. Rad1 Qe6 18. h4 g6 19. Nh6+ Kf8 20. Kh2 Bf6 21. Bh3 Qe7 22. Qb3 Qg7 23. Bxd6+ Nxd6 24. Rxd6 Rxd6 25. Rxd6 Be7 26. Qd1 Qxh6 27. Qf3+ Ke8 28. Bd7+ Kd8 29. Bxc6+ Bxd6 30. Bxb7 Rb8 31. Qf6+ Be7 32. Qd4+ Ke8 33. Bxa6 Rd8 34. Bb5+ Kf7 35. Bc4+ Ke8 36. Bb5+ Kf7 37. Nd5 g5 38. e5 gxh4 39. e6+ Qxe6 40. Qf4+ Kg8 41. Nc7 Qf6 42. Qg4+ Kh8 43. Ne6 Qxf2+ 44. Kh3 Rg8 0-1

[Event "BL2 Sued 1617 (Women)"]
[Site "Germany"]
[Date "2017.03.26"]
[Round "6.3"]
[White "Nobis, Anna"]
[Black "Jacke, Corinna"]
[Result "1/2-1/2"]
[WhiteElo "1851"]
[BlackElo "1988"]
[PlyCount "42"]
[EventDate "2016.10.22"]
[EventType "team-tourn"]
[EventRounds "7"]
[EventCountry "GER"]
[SourceTitle "EXT 2018"]
[Source "ChessBase"]
[SourceDate "2017.10.13"]
[SourceVersion "1"]
[SourceVersionDate "2017.10.13"]
[SourceQuality "1"]
[WhiteTeam "Niederwiesa (W)"]
[BlackTeam "Zeulenroda (W)"]
[WhiteTeamCountry "GER"]
[BlackTeamCountry "GER"]

1. e4 e6 2. d4 d5 3. Nc3 Bb4 4. e5 Ne7 5. f4 c5 6. Nf3 Bd7 7. a3 Bxc3+ 8. bxc3 Ba4 9. Be3 c4 10. Be2 Nf5 11. Bf2 h5 12. Ng5 Qa5 13. Qd2 Na6 14. 0-0 Nc7 15. Be1 f6 16. Nf3 Nb5 17. Bd1 0-0-0 18. Qe2 Rde8 19. Bd2 Qb6 20. Qf2 Nc7 21. Bc1 Qa5 1/2-1/2

[Event "BL2 Sued 1617 (Women)"]
[Site "Germany"]
[Date "2017.01.22"]
[Round "4.3"]
[White "Lobzhanidze, Anna Luise"]
[Black "Jacke, Corinna"]
[Result "1/2-1/2"]
[WhiteElo "1923"]
[BlackElo "1988"]
[PlyCount "27"]
[EventDate "2016.10.22"]
[EventType "team-tourn"]
[EventRounds "7"]
[EventCountry "GER"]
[SourceTitle "EXT 2018"]
[Source "ChessBase"]
[SourceDate "2017.10.13"]
[SourceVersion "1"]
[SourceVersionDate "2017.10.13"]
[SourceQuality "1"]
[WhiteTeam "Hofheim (W)"]
[BlackTeam "Zeulenroda (W)"]
[WhiteTeamCountry "GER"]
[BlackTeamCountry "GER"]

1. e4 e6 2. d4 d5 3. Nc3 Bb4 4. exd5 exd5 5. Bd3 c6 6. Nge2 Qf6 7. 0-0 Ne7 8. a3 Bd6 9. f4 h5 10. Qe1 Kf8 11. Qf2 Bf5 12. Bxf5 Nxf5 13. Bd2 Nd7 14. Rae1 1/2-1/2

[Event "BL2 Sued 1617 (Women)"]
[Site "Germany"]
[Date "2016.10.22"]
[Round "1.3"]
[White "Zimmer, Elke"]
[Black "Jacke, Corinna"]
[Result "1-0"]
[WhiteElo "1936"]
[BlackElo "1988"]
[PlyCount "49"]
[EventDate "2016.10.22"]
[EventType "team-tourn"]
[EventRounds "7"]
[EventCountry "GER"]
[SourceTitle "EXT 2018"]
[Source "ChessBase"]
[SourceDate "2017.10.13"]
[SourceVersion "1"]
[SourceVersionDate "2017.10.13"]
[SourceQuality "1"]
[WhiteTeam "Wadgassen/Differten (W)"]
[BlackTeam "Zeulenroda (W)"]
[WhiteTeamCountry "GER"]
[BlackTeamCountry "GER"]

1. Nc3 d5 2. e3 g6 3. Nf3 Bg7 4. d4 Bg4 5. Bd3 f5 6. h3 Bxf3 7. Qxf3 Nf6 8. g4 e6 9. Qg2 Ne4 10. Nxe4 fxe4 11. Be2 c5 12. c3 Nc6 13. g5 Rf8 14. h4 cxd4 15. exd4 Bxd4 16. cxd4 Nxd4 17. Bd1 Rc8 18. Bd2 Qb6 19. Bc3 Nf5 20. Ba4+ Kf7 21. h5 Rxc3 22. hxg6+ Kxg6 23. bxc3 Qa5 24. Qh3 Qc7 25. Qh5+ 1-0

[Event "BL2 Sued 1516 (Women)"]
[Site "Germany"]
[Date "2016.02.28"]
[Round "7.3"]
[White "Jacke, Corinna"]
[Black "Specht, Maria"]
[Result "1-0"]
[WhiteElo "2014"]
[BlackElo "1876"]
[PlyCount "61"]
[EventDate "2015.09.26"]
[EventType "team-tourn"]
[EventRounds "7"]
[EventCountry "GER"]
[SourceTitle "EXT 2017"]
[Source "ChessBase"]
[SourceDate "2016.10.25"]
[SourceVersion "1"]
[SourceVersionDate "2016.10.25"]
[SourceQuality "1"]
[WhiteTeam "Zeulenroda (W)"]
[BlackTeam "Augsburg (W)"]
[WhiteTeamCountry "GER"]
[BlackTeamCountry "GER"]

1. e4 c5 2. Nf3 d6 3. d4 cxd4 4. Nxd4 Nf6 5. Nc3 g6 6. f3 Bg7 7. Be3 0-0 8. Qd2 Nc6 9. 0-0-0 Nxd4 10. Bxd4 Be6 11. Kb1 Ne8 12. Bxg7 Kxg7 13. h4 h5 14. Be2 Nf6 15. g4 hxg4 16. fxg4 Bxg4 17. Bxg4 Nxg4 18. h5 Rh8 19. hxg6 fxg6 20. Nd5 Qd7 21. Qg5 Rxh1 22. Rxh1 Qe6 23. Qh4 Rg8 24. Nxe7 Re8 25. Qh7+ Kf6 26. Nd5+ Ke5 27. Nc7 Ne3 28. Nxe6 Rxe6 29. Re1 Kxe4 30. Qxb7+ Kf4 31. Qf7+ 1-0

[Event "BL2 Sued 1516 (Women)"]
[Site "Germany"]
[Date "2016.01.10"]
[Round "5.3"]
[White "Jacke, Corinna"]
[Black "Hartewig, Anja"]
[Result "1-0"]
[WhiteElo "2014"]
[BlackElo "1722"]
[PlyCount "71"]
[EventDate "2015.09.26"]
[EventType "team-tourn"]
[EventRounds "7"]
[EventCountry "GER"]
[SourceTitle "EXT 2017"]
[Source "ChessBase"]
[SourceDate "2016.10.25"]
[SourceVersion "1"]
[SourceVersionDate "2016.10.25"]
[SourceQuality "1"]
[WhiteTeam "Zeulenroda (W)"]
[BlackTeam "Chemnitz Aufbau (W)"]
[WhiteTeamCountry "GER"]
[BlackTeamCountry "GER"]

1. e4 d6 2. d4 Nf6 3. Nc3 g6 4. g3 Bg7 5. Bg2 0-0 6. Nge2 Nbd7 7. 0-0 c5 8. Kh1 a6 9. f4 Rb8 10. Be3 b5 11. Qd2 Bb7 12. d5 Nb6 13. Rab1 Nc4 14. Qd3 Qc7 15. Bg1 Nb6 16. h3 b4 17. Nd1 a5 18. c4 a4 19. b3 axb3 20. axb3 Nfd7 21. Ne3 Ra8 22. Nc2 Ra2 23. Nc1 Rb2 24. Rxb2 Bxb2 25. Qe3 Qb8 26. Nd3 Bc3 27. e5 dxe5 28. fxe5 Nxe5 29. Nxe5 Bxe5 30. Qxc5 Nd7 31. Qxe7 Qc8 32. Nxb4 Bxg3 33. Bd4 Qc7 34. c5 Be5 35. Bxe5 Qxe5 36. Qxd7 1-0

[Event "BL2 Sued 1516 (Women)"]
[Site "Germany"]
[Date "2015.12.05"]
[Round "3.3"]
[White "Jacke, Corinna"]
[Black "Schwarz, Larissa"]
[Result "0-1"]
[WhiteElo "2014"]
[BlackElo "1928"]
[PlyCount "48"]
[EventDate "2015.09.26"]
[EventType "team-tourn"]
[EventRounds "7"]
[EventCountry "GER"]
[SourceTitle "EXT 2017"]
[Source "ChessBase"]
[SourceDate "2016.10.25"]
[SourceVersion "1"]
[SourceVersionDate "2016.10.25"]
[SourceQuality "1"]
[WhiteTeam "Zeulenroda (W)"]
[BlackTeam "Mainz Schott (W)"]
[WhiteTeamCountry "GER"]
[BlackTeamCountry "GER"]

1. e4 c5 2. Nf3 e6 3. d4 cxd4 4. Nxd4 a6 5. g3 Nc6 6. Be3 Nf6 7. Bg2 Qc7 8. 0-0 Be7 9. Nc3 0-0 10. Nb3 Ne5 11. Bd4 Nc4 12. f4 d6 13. Qc1 e5 14. Be3 b5 15. fxe5 dxe5 16. Bg5 Qa7+ 17. Kh1 Ng4 18. Bxe7 Qxe7 19. Nd5 Qa7 20. h3 Nge3 21. Nxe3 Nxe3 22. Re1 Nxg2 23. Kxg2 f5 24. exf5 Bb7+ 0-1

[Event "BL2 Ost 1213 (Women)"]
[Site "Germany"]
[Date "2013.03.10"]
[Round "7.3"]
[White "Jacke, Corinna"]
[Black "Petri, Birgit"]
[Result "0-1"]
[WhiteElo "2034"]
[BlackElo "2052"]
[PlyCount "52"]
[EventDate "2012.10.06"]
[EventType "team-tourn"]
[EventRounds "7"]
[EventCountry "GER"]
[SourceTitle "EXT 2018"]
[Source "ChessBase"]
[SourceDate "2017.10.13"]
[SourceVersion "1"]
[SourceVersionDate "2017.10.13"]
[SourceQuality "1"]
[WhiteTeam "Zeulenroda (W)"]
[BlackTeam "Leipzig Schachgemeinschaft (W)"]
[WhiteTeamCountry "GER"]
[BlackTeamCountry "GER"]

1. e4 c5 2. Nf3 e6 3. d4 cxd4 4. Nxd4 Nc6 5. Nc3 Qc7 6. Be3 a6 7. g3 b5 8. Nb3 d6 9. f4 Nf6 10. Bg2 Bb7 11. 0-0 Be7 12. a3 0-0 13. Qe2 Rac8 14. Rad1 Nb8 15. Rf2 Nbd7 16. g4 Nb6 17. g5 Nfd7 18. f5 Nc4 19. Bc1 Nce5 20. Nd4 exf5 21. exf5 Rfe8 22. f6 Bf8 23. Qh5 Bxg2 24. fxg7 Bxg7 25. Rxg2 Ng6 26. Kh1 Bxd4 0-1

[Event "BL2 Ost 1213 (Women)"]
[Site "Germany"]
[Date "2013.03.09"]
[Round "6.3"]
[White "Kaden, Romy"]
[Black "Jacke, Corinna"]
[Result "1/2-1/2"]
[WhiteElo "1628"]
[BlackElo "2034"]
[PlyCount "132"]
[EventDate "2012.10.06"]
[EventType "team-tourn"]
[EventRounds "7"]
[EventCountry "GER"]
[SourceTitle "EXT 2018"]
[Source "ChessBase"]
[SourceDate "2017.10.13"]
[SourceVersion "1"]
[SourceVersionDate "2017.10.13"]
[SourceQuality "1"]
[WhiteTeam "Chemnitz Aufbau (W)"]
[BlackTeam "Zeulenroda (W)"]
[WhiteTeamCountry "GER"]
[BlackTeamCountry "GER"]

1. e4 e6 2. d4 d5 3. Nc3 Bb4 4. exd5 exd5 5. Bd3 c6 6. a3 Bd6 7. Qf3 Qf6 8. Be3 Be6 9. Nce2 Nd7 10. Nf4 Bxf4 11. Qxf4 Qxf4 12. Bxf4 Ne7 13. Nf3 h6 14. 0-0-0 0-0-0 15. Rhe1 Rhe8 16. h3 g5 17. Bh2 g4 18. Ng1 h5 19. hxg4 hxg4 20. Bg3 c5 21. dxc5 Nxc5 22. Bh4 a6 23. Ne2 Rd7 24. Nd4 Nc6 25. Nxc6 Nxd3+ 26. Rxd3 bxc6 27. Rc3 Kb7 28. Rb3+ Ka8 29. Rb6 c5 30. Rxa6+ Kb7 31. Ra4 d4 32. b4 c4 33. b5 Rc8 34. Rb4 Kb6 35. Rd1 Ra8 36. a4 Kc5 37. Rb1 Rxa4 38. b6 Rb4 39. Bf6 Rxb1+ 40. Kxb1 d3 41. cxd3 cxd3 42. Bg5 Kxb6 43. Kb2 Bf5 44. g3 Rd5 45. Be3+ Kb5 46. Kc3 Rd7 47. Rb1+ Kc6 48. Rd1 Kd5 49. Bf4 Ke4 50. Rd2 Kf3 51. Be3 Re7 52. Bd4 Re1 53. Bb6 Rc1+ 54. Kb2 Rc6 55. Bd4 Be4 56. Be3 f5 57. Bd4 Rh6 58. Kc3 Rh2 59. Bc5 Rg2 60. Bd4 Rxg3 61. fxg3 Kxg3 62. Rf2 f4 63. Kd2 f3 64. Ke3 Bc6 65. Kxd3 Kh3 66. Be5 g3 1/2-1/2

[Event "BL2 Ost 1213 (Women)"]
[Site "Germany"]
[Date "2013.01.20"]
[Round "5.3"]
[White "Anisheva, Varvara"]
[Black "Jacke, Corinna"]
[Result "1/2-1/2"]
[WhiteElo "2117"]
[BlackElo "2034"]
[PlyCount "60"]
[EventDate "2012.10.06"]
[EventType "team-tourn"]
[EventRounds "7"]
[EventCountry "GER"]
[SourceTitle "EXT 2018"]
[Source "ChessBase"]
[SourceDate "2017.10.13"]
[SourceVersion "1"]
[SourceVersionDate "2017.10.13"]
[SourceQuality "1"]
[WhiteTeam "Erfurt Medizin (W)"]
[BlackTeam "Zeulenroda (W)"]
[WhiteTeamCountry "GER"]
[BlackTeamCountry "GER"]

1. Nf3 d5 2. g3 Nf6 3. Bg2 c5 4. 0-0 Nc6 5. d3 g6 6. c3 Bg7 7. Qc2 0-0 8. e4 dxe4 9. dxe4 Qc7 10. Na3 a6 11. Be3 b6 12. Nc4 Be6 13. Bf4 Qb7 14. Ncd2 Rad8 15. Ng5 Qc8 16. Nxe6 Qxe6 17. Bc7 Rc8 18. Bxb6 Nd7 19. Qb3 Qxb3 20. axb3 Nxb6 21. Rxa6 Rfd8 22. Nb1 Nd7 23. f4 e5 24. Bh3 Rc7 25. Rd1 Ndb8 26. Rxd8+ Nxd8 27. Rd6 Nb7 28. Rd5 exf4 29. gxf4 Bh6 30. f5 Nc6 1/2-1/2

[Event "BL2 Ost 1213 (Women)"]
[Site "Germany"]
[Date "2012.12.02"]
[Round "4.4"]
[White "Jacke, Corinna"]
[Black "Bade, Heidrun"]
[Result "1-0"]
[WhiteElo "2034"]
[BlackElo "1835"]
[PlyCount "121"]
[EventDate "2012.10.06"]
[EventType "team-tourn"]
[EventRounds "7"]
[EventCountry "GER"]
[SourceTitle "EXT 2018"]
[Source "ChessBase"]
[SourceDate "2017.10.13"]
[SourceVersion "1"]
[SourceVersionDate "2017.10.13"]
[SourceQuality "1"]
[WhiteTeam "Zeulenroda (W)"]
[BlackTeam "Potsdam USV (W)"]
[WhiteTeamCountry "GER"]
[BlackTeamCountry "GER"]

1. e4 e5 2. Nf3 Nc6 3. d4 exd4 4. Bc4 d6 5. 0-0 Nf6 6. c3 d3 7. Qxd3 Be7 8. h3 0-0 9. Bf4 Nh5 10. Be3 g6 11. b4 Bf6 12. g4 Ng7 13. Nbd2 Ne6 14. Bh6 Bg7 15. Qe3 Qf6 16. Rac1 Bxh6 17. Qxh6 Qf4 18. Qxf4 Nxf4 19. Kh2 Kg7 20. Kg3 Ne6 21. h4 h6 22. Bd5 Bd7 23. Nc4 Rab8 24. e5 dxe5 25. Ncxe5 Nxe5 26. Nxe5 Bc8 27. Rcd1 c6 28. Bb3 Re8 29. f4 Nd8 30. Rfe1 Be6 31. Bxe6 Rxe6 32. Rd7 Kf8 33. Red1 Ke8 34. Rc7 Re7 35. Rdd7 Rxd7 36. Nxd7 Ra8 37. Nf6+ Kf8 38. f5 Kg7 39. Ne8+ Kf8 40. Nd6 gxf5 41. gxf5 Kg7 42. Kf4 b5 43. h5 a5 44. bxa5 Rxa5 45. Rc8 Ne6+ 46. fxe6 fxe6 47. Rxc6 Rxa2 48. Nxb5 Re2 49. Kf3 Re5 50. Nd4 Rxh5 51. Nxe6+ Kf7 52. Nf4 Rh1 53. c4 Ke7 54. Nd3 h5 55. c5 Rd1 56. Ke4 Rd2 57. Rh6 Re2+ 58. Kd4 Rh2 59. c6 Rc2 60. Nb4 Rd2+ 61. Kc5 1-0

[Event "BL2 Ost 1112 (Women)"]
[Site "Germany"]
[Date "2012.02.12"]
[Round "7.3"]
[White "Jacke, Corinna"]
[Black "Pohl, Theresa"]
[Result "1-0"]
[WhiteElo "2030"]
[BlackElo "1872"]
[PlyCount "75"]
[EventDate "2011.10.29"]
[EventType "team-tourn"]
[EventRounds "7"]
[EventCountry "GER"]
[SourceTitle "EXT 2013"]
[Source "ChessBase"]
[SourceDate "2012.11.22"]
[SourceVersion "1"]
[SourceVersionDate "2012.11.22"]
[SourceQuality "1"]
[WhiteTeam "Zeulenroda (W)"]
[BlackTeam "Berlin Empor (W)"]
[WhiteTeamCountry "GER"]
[BlackTeamCountry "GER"]

1. e4 e6 2. Nf3 d5 3. e5 c5 4. b4 c4 5. c3 Qc7 6. d4 cxd3 7. Bxd3 Nc6 8. Bf4 Nge7 9. Bg3 g6 10. 0-0 Bg7 11. Re1 0-0 12. Qd2 Bd7 13. Na3 a6 14. Nc2 Rfc8 15. Rac1 Na7 16. Ncd4 a5 17. Bh4 Nec6 18. Bf6 axb4 19. cxb4 Qb6 20. Nc2 Nb5 21. Bxb5 Qxb5 22. Bxg7 Kxg7 23. Qg5 h6 24. Qf6+ Kg8 25. Ne3 Qxb4 26. Rb1 Qe7 27. Ng4 Qf8 28. Rxb7 Be8 29. Qh4 h5 30. Nf6+ Kg7 31. g4 Ra4 32. Nxe8+ Rxe8 33. Qf6+ Kg8 34. gxh5 Rg4+ 35. Kh1 gxh5 36. Ng5 Ne7 37. h3 Rc4 38. Rg1 1-0

[Event "BL2 Mitte 1011 (Women)"]
[Site "Germany"]
[Date "2011.01.09"]
[Round "5.4"]
[White "Ferrenberg, Lydia"]
[Black "Jacke, Corinna"]
[Result "0-1"]
[WhiteElo "1504"]
[BlackElo "2051"]
[PlyCount "62"]
[EventDate "2010.11.06"]
[EventType "team-tourn"]
[EventRounds "7"]
[EventCountry "GER"]
[SourceTitle "EXT 2012"]
[Source "ChessBase"]
[SourceDate "2011.11.24"]
[SourceVersion "1"]
[SourceVersionDate "2011.11.24"]
[SourceQuality "1"]
[WhiteTeam "Chemnitz (W)"]
[BlackTeam "Zeulenroda (W)"]
[WhiteTeamCountry "GER"]
[BlackTeamCountry "GER"]

1. c4 e6 2. Nc3 f5 3. Nf3 Nf6 4. d3 b6 5. g3 Bb7 6. Bg2 Bb4 7. Bd2 0-0 8. a3 Bxc3 9. Bxc3 Qe8 10. b4 d6 11. d4 Ne4 12. Bb2 Nd7 13. 0-0 Qh5 14. d5 e5 15. Nh4 Nef6 16. Bf3 Ng4 17. e4 Qh6 18. Bc1 g5 19. Bxg4 fxg4 20. Qxg4 Nf6 21. Qe2 Bc8 22. f3 Bh3 23. Rf2 Qh5 24. Nf5 Bxf5 25. exf5 g4 26. fxg4 Nxg4 27. Rf1 Rxf5 28. Rxf5 Qxf5 29. Bd2 Rf8 30. Be3 Qf3 31. Qxf3 Rxf3 0-1